Az új alaptörvény és a jogélet reformja
Elmentve itt :
| További közreműködők: | |
|---|---|
| Dokumentumtípus: | Könyv része |
| Megjelent: |
SZTE Állam- és Jogtudományi Doktori Iskola
Szeged
2013
|
| Sorozat: | Szegedi Jogász Doktorandusz Konferenciák
2 Szegedi Jogász Doktorandusz Konferenciák 2 |
| Kulcsszavak: | Alkotmányjog - magyar - tanulmányok, Büntetőjog - magyar - tanulmányok |
| Tárgyszavak: | |
| Online Access: | http://acta.bibl.u-szeged.hu/71178 |
| LEADER | 00935naa a2200253 i 4500 | ||
|---|---|---|---|
| 001 | acta71178 | ||
| 005 | 20231130095111.0 | ||
| 008 | 201215s2013 hu o 1|| hun d | ||
| 020 | |a 978-963-306-142-8 | ||
| 022 | |a 2063-3807 | ||
| 040 | |a SZTE Egyetemi Kiadványok Repozitórium |b hun | ||
| 041 | |a hun | ||
| 041 | |a eng | ||
| 041 | |a ger | ||
| 245 | 0 | 3 | |a Az új alaptörvény és a jogélet reformja |h [elektronikus dokumentum] |
| 260 | |a SZTE Állam- és Jogtudományi Doktori Iskola |b Szeged |c 2013 | ||
| 300 | |a 362 p. |c 23 cm | ||
| 490 | 0 | |a Szegedi Jogász Doktorandusz Konferenciák |v 2 | |
| 490 | 0 | |a Szegedi Jogász Doktorandusz Konferenciák |v 2 | |
| 650 | 4 | |a Társadalomtudományok | |
| 650 | 4 | |a Jogtudomány | |
| 695 | |a Alkotmányjog - magyar - tanulmányok, Büntetőjog - magyar - tanulmányok | ||
| 700 | 0 | 1 | |a Varga Norbert |
| 856 | 4 | 0 | |u http://acta.bibl.u-szeged.hu/71178/1/szegedi_jogasz_doktorandusz_konf_002.pdf |z Dokumentum-elérés |